002300000a220007300045001000016000002450076000163000048000927730016001401 aBorman, Joy10aEl uso del teatro en el trabajo comunitario de defensoría de derechos aVol.0, núm.66 (Mayo, 2006), Páginas 8-90 tPaso a Paso